000 00765nam a2200241Ia 4500
003 OSt
005 20220918202824.0
006 a|||||r|||| 00| 0
007 ta
008 220917b |||||||| |||| 00| 0 eng d
024 _a104,133
037 _cTextual
040 _aARTS
_cARTS
_beng
041 _2eng
_aeng
082 _aV2M8:59(Y38), K8 (EV)
100 _aSeal Anil
245 0 _aEmergence of Indian nationalism - competition and collabortion in the later XIX century
260 _aCambridge
_bCambridge University Press
_c1968
490 _aPolitical change in modern South Asia ed by John Gallagher and Anil Seal; 1
650 _aHISTORY
942 _hV2M8:59(Y38), K8 (EV)
_cTEXL
_2CC
999 _c227509
_d227509